000 00444nam a2200157 i 4500
001 133466
003 ES-MaACL
005 20230906194421.0
007 t|
008 070814m19391940it ||||1| ita d
245 0 0 _aStudi di storia e diritto in onore di Carlo Calisse.
260 _aMilano :
_bA. Giuffré,
_c1939-1940.
300 _a3 v. :
_b1 retr. ;
_c26 cm.
700 1 _aCalisse, Carlo.
_933676
852 _aES-MaACL
_jF-8251-3
_bR.25791
999 _c133466
_d133466